| 000 | nas a22 a 4500 | ||
|---|---|---|---|
| 999 |
_c17 _d17 |
||
| 005 | 20170413100556.0 | ||
| 008 | 170413b20069999ne ||||| |||| 00| 0 eng d | ||
| 040 | _aAKMAL | ||
| 082 | _a339 | ||
| 090 | _a339 | ||
| 245 | 0 | 0 | _aGlobal trade and customs journal |
| 260 |
_aAlphen aan den Rijn, the Netherlands : _b Kluwer Law International _c2006- |
||
| 300 |
_av. _billustrations ; _c30 cm |
||
| 310 | _aMonthly | ||
| 362 | _aBegan with: Vol. 1, issue 1 (2006). | ||
| 650 |
_aForeign trade regulation _vPeriodicals _964 |
||
| 650 |
_aCustoms administration _vPeriodicals _xLaw and legislation _965 |
||
| 942 |
_2ddc _cPERIODICAL |
||